[Event "Biel GM"]
[Site "Biel"]
[Date "2007.07.28"]
[Round "5"]
[White "Carlsen, Magnus"]
[Black "Onischuk, Alexander"]
[Result "1-0"]
[WhiteElo "2710"]
[BlackElo "2650"]
[Annotator "Carlsen,M"]
[PlyCount "75"]
[EventDate "2007.07.23"]
[EventType "tourn"]
[EventRounds "9"]
[EventCountry "SUI"]
[EventCategory "18"]
[SourceTitle "CBM 120"]
[Source "ChessBase"]
[SourceDate "2007.10.02"]
[SourceVersion "1"]
[SourceVersionDate "2007.10.02"]
[SourceQuality "1"]

1. d4 Nf6 2. c4 e6 3. Nf3 d5 4. Bg5 h6 5. Bxf6 {I figured that this might be a
reasonable choice since Onischuk doesn't usually play the Moscow with Black,
and avoids it by choosing the sharper Bh4 with White. Dies schien mir eine
vernünftige Wahl zu sein, denn Onischuk spielt die Moskauer Variante
gewöhnlich nicht mit Schwarz, und mit Weiß vermeidet er sie durch das
schärfere 5.Bh4.} Qxf6 6. Nc3 c6 7. Qb3 dxc4 {I don't honestly believe that
White has serious chances of obtaining an advantage in the lines starting with
7...Nd7 8.e4, but I felt that Onischuk probably wasn't ready for this
challenge. Ich glaube nicht wirklich, dass Weiß in den Abspielen mit 7...Nd7 8.
e4 ernste Chancen auf Vorteil hat, aber ich spürte, dass Onischuk für diese
Herausforderung wahrscheinlich nicht bereit war.} 8. Qxc4 Nd7 9. e3 g6 10. Be2
(10. h4 {is sharper and probably stronger, and certainly the critical line. It
wasn't such positions I was aiming for, though. ist schärfer und womöglich
starker, und auf jeden Fall auch das kritische Abspiel. Dies war aber nicht
der Stellungstyp, den ich anstrebte.}) 10... Bg7 11. O-O O-O 12. Rfd1 {I was
quite happy with the outcome of the opening, but it is hard to believe that
White has anything serious still. Ich war mit dem Ausgang der Eröffnung ganz
zufrieden, doch es fällt trotzdem schwer zu glauben, dass Weiß etwas
Ernsthaftes hat.} e5 {Perhaps not the most accurate, the waiting move
Vielleicht nicht das Genaueste; der Wartezug} (12... Qe7 {was worth
considering. The text should, however, be fine as well. kam in Betracht. Doch
auch der Textzug sollte in Ordnung sein.}) 13. Ne4 {The only way to play for
an advantage, after 13.d5 Nb6 or 13.dxe5 Nxe5 White could even have ended up
worse. Der einzige Weg, auf Vorteil zu spielen; nach 13.d5 Nb6 oder 13.dxe5
Nxe5 könnte Weiß am Ende sogar schlechter stehen.} Qe7 $6 (13... Qf5 $1 {
was actually quite interesting, and what I had considered best during the game.
Even though White is allowed to put the knight on d6 he has nothing. On the
other hand, 13...Qf5 is a difficult move to make, allowing the knight to jump
to d6 with tempo. war tatsächlich ziemlich interessant und wurde von mir
während der Partie auch als Bestes eingestuft. Obwohl Weiß erlaubt wird, den
Springer nach d6 zu fahren, hat er nichts. Andererseits macht man einen Zug
wie 13...Qf5 nicht ohne Weiteres, schließlich wird ja dem Springer gestattet,
mit Tempo nach d6 zu hüpfen.}) 14. d5 cxd5 15. Qxd5 Nb6 (15... Nf6 16. Qd6 Qxd6
17. Nxd6 {is a small plus for White as well. ergibt ebenfalls ein leichtes
Plus für Weiß.}) 16. Qc5 Qxc5 17. Nxc5 Bg4 (17... Rb8 18. Rac1 {is quite
difficult for Black since he cannot develop his bishop comfortably. 18...Bf5
is met by 19.Nh4 and 18...Bg4 with 19.h3. ist recht schwierig für Schwarz, da
er seinen Läufer nicht bequem entwickeln kann: Auf 18...Bf5 folgt 19.Nh4 und
auf 18...Bg4 19.h3.}) 18. h3 Rac8 {Here I actually thought for some time, but
now I cannot understand why, 19.Nxb7 is the only way to seriously play for a
win. Hier überlegte ich tatsächlich einige Zeit, aber jetzt verstehe ich nicht
mehr warum; 19.Nxb7 ist der einzige Weg, ernsthaft auf Gewinn zu spielen.} 19.
Nxb7 Be6 {White is a pawn up, but Black has some activity, and White has
problems consolidating. Weiß besitzt einen Mehrbauern, doch Schwarz verfügt
über einige Aktivität, und Weiß hat Probleme bei der Konsolidierung.} 20. b3 {
I decided that this was the least of the evils, not being satisfied with lines
like Ich beschloss, dass dies das geringste Übel war, denn andere Abspiele
befriedigten mich nicht, zum Beispiel} (20. Rd2 Rc7 21. Nd6 (21. Na5 Rfc8 22.
Rad1 Rc2 {with some activity, mit einiger Aktivität.}) 21... Rd8 {with
compensation, mit Kompensation,}) (20. Nd6 Rc2 21. Rd2 Rxd2 22. Nxd2 Rd8 23.
N2c4 e4 {with a likely draw. mit wahrscheinlichem Remis.}) 20... Rc2 21. Bf1
Nd5 22. Bc4 Nc3 23. Rd2 Rxd2 24. Nxd2 e4 25. Kf1 Rb8 (25... Bc8 {does not
quite work: funktioniert nicht ganz:} 26. Nd6 Rd8 {and now, instead of Nxc8
Rxc8, when White has minimal winning chances, there follows some nice tactics:
und nun, statt Nxc8 Rxc8, wonach Weiß nur minimale Gewinnchancen hat, folgt
eine hübsche taktische Einlage:} (26... Nb5 27. Nxc8 Bxa1 (27... Rxc8 28. Rc1
Nc3 29. Nxe4 $1) 28. Ne7+) 27. Bxf7+ Kf8 28. Nxc8 Kxf7 29. Nc4 Nb5 30. Rc1 Rxc8
31. a4 $18) 26. Nc5 Bxc4+ $2 (26... Na4 {Objectively this gives the best
drawing chances: Objektiv gibt dies die besten Remischancen:} 27. Nxe6 Bxa1 28.
bxa4 fxe6 29. Bxe6+ Kg7 30. Nxe4 {It is on the other hand clear that defending
this endgame would have been a long and probably impossible task. Andererseits
ist klar, dass die Verteidigung dieses Endspiels eine lange und wahrscheinlich
unmögliche Aufgabe wäre.}) 27. Nxc4 Rb5 (27... Na4 {leads absolutely nowhere:
führt absolut zu nichts:} 28. Na6 Rd8 29. Rc1 Nc3 30. a3) 28. Na6 $1 {My
opponent had probably underestimated this move, after which he has big
problems. The knight looks a little awkward here, but together with the other
knight it takes away important squares from the rook, while preparing b4,
which will free the rook and lead to relatively easily won position. Diesen
Zug, nach dem er große Probleme hat, hatte mein Gegner wahrscheinlich
unterschätzt. Der Springer scheint hier ein wenig komisch zu stehen, doch
gemeinsam mit seinem Kollegen nimmt er dem Turm wichtige Felder und bereitet
gleichzeitig b4 vor, was den Turm befreit und zu einer relativ leicht
gewonnenen Stellung führt.} Bf8 29. b4 $1 {This is the key. I very much liked
the motifs that occured after this move. Das ist der Schlüssel. An den sich
nach diesem Zug ergebenden Motiven fand ich großen Gefallen.} Bxb4 {This
cannot really be called a mistake, as the alternatives were just depressing.
Dies ist nicht wirklich als Fehler zu bezeichnen, denn die Alternativen waren
einfach trübselig.} 30. a4 Rb7 31. Rc1 {Now the pin will be lethal. Nun wird
die Fesselung tödlich sein.} Nd5 32. Rb1 f5 (32... Re7 33. Nxb4 Rb7 {could
have been tried, but hätte man versuchen können, doch} 34. Nxd5 Rxb1+ 35. Ke2
Rc1 36. Nd6 f5 37. g4 {should win without much trouble. sollte ohne allzu
große Schwierigkeiten gewinnen.}) 33. a5 {Taking away the b6 square, freeing
the knight and finally sealing Black's fate. Nimmt ihm das Feld b6, befreit
den Springer und besiegelt schließlich das Schicksal von Schwarz.} Kg7 ({
Now Nun könnte auf} 33... Re7 {could be met by the funny little trick der
witzige kleine Trick} 34. Nxb4 Rb7 35. Nb6 $1 {folgen.}) (33... Rb5 34. g3 $1 {
The most precise, after which Black might as well resign. Am genauesten,
wonach Schwarz ebenso gut aufgeben könnte.} (34. Nd6 {Here Black at least has
some kind of counterplay: Hier hat Schwarz zumindest irgendeine Art von
Gegenspiel:} Rxa5 35. Nxb4 Nxb4 36. Rxb4 Ra1+ 37. Ke2 Ra2+ 38. Ke1 Ra1+ 39. Kd2
Ra2+ 40. Kc3 Rxf2)) 34. Ne5 f4 {As well as being lost, Onischuk was running
out of time, which explains his last moves, which were rather desperate.
Onischuk stand nicht nur auf Verlust, sondern ihm ging auch die Zeit aus, was
seine letzten Züge erklärt, die ziemlich verzweifelt waren.} 35. exf4 e3 36.
fxe3 Nxe3+ 37. Kg1 Nd5 38. Kh1 {And here he lost on time. An important and
pleasing win for me. Und hier verlor er auf Zeit. Ein wichtiger und
erfreulicher Sieg für mich.} 1-0

[Event "Nikolaev zt"]
[Site "Nikolaev"]
[Date "1993.??.??"]
[Round "?"]
[White "Neverov, Valeriy"]
[Black "Guliev, Sarhan"]
[Result "1/2-1/2"]
[WhiteElo "2550"]
[BlackElo "2485"]
[Annotator "Chekhov,V"]
[PlyCount "169"]
[EventDate "1993.03.??"]
[EventType "swiss"]
[EventRounds "11"]
[EventCountry "RUS"]
[SourceTitle "CBM 035"]
[Source "ChessBase"]
[SourceDate "1993.08.01"]
[SourceVersion "1"]
[SourceVersionDate "1993.08.01"]
[SourceQuality "1"]

1. d4 d5 2. c4 c6 3. Nf3 e6 4. Nc3 Nf6 5. Bg5 h6 (5... dxc4) (5... Nbd7) 6.
Bxf6 (6. Bh4 $6 dxc4 7. e4 g5 8. Bg3 b5 9. Be2 Bb7 10. e5 Nh5 $1 (10... Nd5 11.
h4 {Kasparov-Tal/Moscow/1982/} g4 12. Nd2 h5 13. Nde4 Nd7 14. O-O $14 {Kasparov
}) 11. O-O Nd7 12. a4 a6 13. Kh1 Ng7 $1 14. Ne4 Nf5 15. Nfd2 Qb6 16. Bh5 Qxd4
17. Qg4 {Piket,Je-Dreev/Groningen/1991/} c5 $1 18. Rae1 Rh7 19. f4 O-O-O $17 {
Dreev}) 6... Qxf6 7. e3 (7. Qc2 Nd7 (7... dxc4 8. e3 b5 9. a4 Bb7 10. axb5 cxb5
11. Nxb5 $14) 8. e4 dxe4 9. Qxe4 g6 $5 10. Bd3 Bg7 11. O-O O-O 12. Qe3 {
Huzman-Timoshchenko/SSSR/1982/} e5 $5 (12... b6 13. Rfe1 c5 14. d5 $14 {Huzman}
)) (7. a3 dxc4 8. g3 (8. Ne5 c5 $5 9. Nxc4 $6 (9. Qa4+ $5) 9... cxd4 10. Nb5
Qd8 11. Qxd4 Qxd4 12. Nxd4 Bd7 $1 $10 {Kasparov-Sveshnikov/SSSR/1981/}) 8...
Nd7 9. Bg2 Qd8 $1 10. Nd2 Nb6 11. e3 c5 12. Nxc4 cxd4 13. exd4 Nxc4 14. Qa4+
Bd7 15. Qxc4 {Sveshnikov-Filipenko/SSSR/1982/} Qb6 $1 $10 {Sveshnikov}) (7. g3
$5 Nd7 8. Bg2 dxc4 9. O-O Qd8 (9... Rb8 $5) 10. Nd2 Nb6 11. e3 Be7 12. Qe2 O-O
13. Nxc4 Nxc4 14. Qxc4 Bd7 15. Rfd1 $1 $14 {Gavrikov-Chernin/SSSR/1983/}) (7.
e4 $6 dxe4 8. Nxe4 Bb4+ 9. Ke2 Qf4 $132) (7. Qb3 a5 8. e4 dxe4 9. Nxe4 Bb4+ 10.
Kd1 Qf4 11. Bd3 f5 12. Ng3 c5 13. a3 a4 14. Qc2 Ba5 15. Ne2 {Novikov-Strokov/
Alicante/1992/} Qd6 $5 16. Qxa4+ Bd7 17. Qc2 $44 {Novikov}) 7... Nd7 8. a3 (8.
Bd3 Qd8 (8... dxc4 $5 9. Bxc4 Bd6 10. O-O Qe7 11. e4 (11. Ne4 $5) 11... e5 12.
d5 Nb6 13. dxc6 bxc6 14. Bb3 Bg4 $1 15. h3 Bh5 16. g4 Bg6 17. Nh4 Rd8 $132 {
Smirin-Novikov/SSSR/1982/}) (8... g6 $5 9. e4 dxc4 10. Bxc4 {Dautov-Muhametov/
Krumbach/} e5 $1 $10 {Muhametov}) 9. O-O Be7 10. Qe2 O-O 11. Rfd1 f5 12. Rab1
a6 13. b4 Bd6 14. a4 Nf6 15. Rdc1 Ne4 $132 {Torre-Ribli/Alicante/1983/}) 8...
g6 (8... Qd8 $5 9. e4 $6 (9. Bd3 Be7 10. O-O) 9... dxe4 10. Nxe4 Be7 11. Bd3 e5
$1 $15 {Kochyev-Chekhov/SSSR/1982/}) (8... dxc4 $5 9. Bxc4 Bd6 10. Ne4 Qe7 11.
Nxd6+ Qxd6 12. O-O Qe7 13. Qc2 (13. e4 e5 14. d5 Nb6 15. Bb3 Bg4 $10) 13... O-O
14. Ba2 $14 {Yusupov-Gurevich,M/Beograd/1991/}) 9. e4 $5 $146 (9. cxd5 exd5 10.
Bd3 Bg7 11. O-O O-O 12. b4 Qd6 13. Qb3 Nb6 {0,5/Horvath-Todorcevic/Niksic/1991/
}) (9. Bd3 Bg7 10. O-O O-O 11. cxd5 (11. h3 dxc4 12. Bxc4 e5 $10) 11... exd5)
9... dxe4 10. Nxe4 Qf4 11. Bd3 Bg7 12. c5 $5 O-O 13. O-O e5 (13... f5 $2 14.
Nd6 Bxd4 15. Bc4 Bxc5 16. Bxe6+ {/\ Nc8}) 14. g3 Qg4 15. Re1 $5 exd4 (15... f5
$6 16. Nd6 e4 17. Bc4+ Kh7 18. Nh4 $14) 16. Bc4 b6 (16... Kh7 $4 17. Nfg5+ $18)
(16... Qh5 17. Rc1) 17. b4 bxc5 18. bxc5 Qh5 19. Rc1 $16 Ne5 (19... Nf6 20.
Nxf6+ Bxf6 21. Ne5) 20. Nf6+ Bxf6 21. Nxe5 Kg7 $1 (21... Qxd1 22. Rcxd1 Kg7 23.
Rxd4 $16) (21... Bxe5 22. Qxh5 gxh5 23. Rxe5 $16) 22. Qxh5 gxh5 23. Nxc6 Bg4
24. Bd3 (24. Ba6 $1 $16) 24... h4 25. Ne5 Be6 26. c6 hxg3 27. hxg3 Rfc8 28. Ba6
(28. c7 $2 a5 $13) 28... Rc7 $5 29. Nd3 $6 (29. Bb7 Rb8 30. Rcd1) 29... Bg5 30.
f4 Be7 31. Nb4 (31. a4 Rb8 $132) 31... Rb8 32. Bb7 Rbxb7 33. cxb7 Rxb7 34. Rcd1
(34. Red1 $5) 34... Rc7 $1 35. Rc1 Rd7 $17 36. Red1 a5 37. Nc6 Bxa3 38. Ra1 Bb4
(38... Bg4 39. Ne5 $1) 39. Nxa5 Bg4 40. Nc6 $1 (40. Rd3 $6 Be2) 40... Bxd1 (
40... Bc3 41. Ne5 $1) 41. Rxd1 Bc3 42. Ne5 Rd8 43. Kf2 f6 44. Nd3 Kg6 (44...
Ra8 $5) 45. Nc1 h5 46. Kf3 Bb4 47. g4 $1 h4 $5 (47... hxg4+ 48. Kxg4 f5+ 49.
Kf3) 48. Nd3 Bd6 (48... Bc3 49. f5+ Kg5 50. Nf4 {/\ Rh1,Ne6}) 49. Nf2 Bb8 50.
Rh1 Rh8 51. Rd1 Rd8 (51... Ba7 52. Ra1 Bb6 53. Ra6 Rb8 54. Kg2) 52. Rh1 Re8 53.
Ne4 (53. f5+ Kg5 54. Ne4+ Rxe4 $1 55. Kxe4 Kxg4 56. Kxd4 h3 $17) 53... Rh8 (
53... f5 54. gxf5+ Kxf5 55. Rxh4 Rxe4 56. Rh5+ Kg6 57. Rg5+) 54. Rb1 h3 55. f5+
Kg7 (55... Kh6 56. Nxf6 h2 57. Ne4 (57. Nh5 $5)) 56. Rb7+ Kh6 57. Nxf6 h2 58.
Rb1 Be5 (58... Kg5 $6 59. Ne4+ Kh4 60. g5 $132) 59. Ne4 Rb8 60. g5+ Kh5 61. Rf1
Rb3+ 62. Kg2 Re3 63. Nf2 Kxg5 64. f6 $1 Re2 (64... Rg3+ 65. Kxh2 $10) (64...
Kxf6 65. Ng4+) (64... Bxf6 65. Kxh2 $10) 65. f7 Bd6 66. Rh1 Kg6 67. Rxh2 Kxf7
68. Rh3 Ke6 69. Kf3 Re1 70. Kg2 Kd5 71. Nd3 Re2+ 72. Kf1 Ra2 73. Ke1 Kc4 74.
Kd1 Rg2 75. Rf3 Bg3 76. Kc1 Bh4 77. Nb2+ Kd5 78. Rb3 Ke4 79. Kb1 Be1 80. Rb8
Bc3 81. Re8+ Kf5 82. Nd3 Rd2 83. Nc5 Rh2 84. Nd3 Bd2 85. Nc5 1/2-1/2

[Event "Elenite"]
[Site "Elenite"]
[Date "1993.??.??"]
[Round "5"]
[White "Nikolic, Predrag"]
[Black "Georgiev, Kiril"]
[Result "1-0"]
[WhiteElo "2625"]
[BlackElo "2660"]
[Annotator "Chekhov,V"]
[PlyCount "65"]
[EventDate "1993.??.??"]
[EventType "tourn"]
[EventRounds "11"]
[EventCountry "BUL"]
[EventCategory "14"]
[SourceTitle "CBM 038"]
[Source "ChessBase"]
[SourceDate "1994.02.01"]
[SourceVersion "1"]
[SourceVersionDate "1994.02.01"]
[SourceQuality "1"]

1. d4 d5 2. c4 c6 3. Nf3 Nf6 4. Nc3 e6 5. Bg5 h6 6. Bxf6 Qxf6 7. e3 Nd7 8. Bd3
dxc4 (8... g6 9. cxd5 exd5 10. O-O Bg7 11. b4 Qd6 12. Qb3 Nb6 13. a4 Be6 14.
Nd2 O-O 15. Rfc1 Nd7 $132 {Serper,G-Sorokin,M /Kherson/1991 Inf 51/421/}) (8...
Qd8 $5) 9. Bxc4 g6 (9... Bd6 10. O-O Qe7 11. Ne4 Bc7 12. Rc1 O-O 13. Qc2 Rd8
14. Rfd1 a5 15. Bb3 Nf8 16. a3 Bd7 17. Nc5 Rab8 18. e4 $1 $14 {Yusupov,
A-Gurevich,M /Munchen/1993 Inf 57/420/}) 10. h4 $5 $146 (10. O-O Bg7 11. Qc2
O-O 12. Bb3 Qe7 13. Rad1 b6 14. e4 Bb7 15. Rfe1 Rfd8 16. e5 Nf8 17. Qe2 c5 $132
{Chernin,A-Kuczynski,R /Debrecen/1992 Inf 56/469/}) (10. e4 Bg7 (10... e5 $1
$10 {Dautov/}) 11. e5 Qe7 12. O-O O-O 13. Re1 b5 14. Bb3 Bb7 15. Rc1 Rad8 16.
Qe2 c5 $1 $10 {Dautov,R-Mukhametov,E /Krumbach/1991 Inf 51/412/}) 10... Bg7 11.
Qc2 a5 $6 (11... Qe7) (11... O-O $5) 12. a3 $5 O-O 13. h5 g5 14. Ba2 Qe7 15.
Rd1 $14 b6 (15... Rd8 $5) 16. O-O (16. Bb1 Rd8 17. Qh7+ Kf8) 16... Bb7 17. e4
Nf6 (17... e5 18. d5 $16) 18. e5 Nxh5 19. Bb1 Rfd8 20. Qh7+ Kf8 21. Ne4 $16 Nf4
(21... f5 22. exf6 Nxf6 23. Nxf6 Qxf6 24. Ne5 $36) 22. Rfe1 c5 23. Nh2 $1 h5 (
23... Rxd4 24. Rxd4 cxd4 25. Ng4 $36) 24. g3 Bxe4 (24... Nd5 25. Qxh5) 25. Bxe4
Nd5 26. Qxh5 cxd4 27. Nf3 f5 28. exf6 Nxf6 29. Qxg5 Rac8 (29... Nxe4 30. Rxe4
Qxg5 31. Nxg5 $18) 30. Nxd4 $18 Rd6 (30... Nxe4 31. Nxe6+ $18) 31. Bf3 Rc4 32.
Qe3 Ng4 (32... Kf7 33. Nf5) 33. Nxe6+ 1-0

[Event "Vienna op"]
[Site "Vienna"]
[Date "1996.??.??"]
[Round "4"]
[White "Dautov, Rustem"]
[Black "Godena, Michele"]
[Result "1/2-1/2"]
[WhiteElo "2615"]
[BlackElo "2550"]
[Annotator "Chekhov,V"]
[PlyCount "85"]
[EventDate "1996.??.??"]
[EventType "swiss"]
[EventRounds "9"]
[EventCountry "AUT"]
[SourceTitle "CBM 053 Extra"]
[Source "ChessBase"]
[SourceDate "1996.09.01"]
[SourceVersion "1"]
[SourceVersionDate "1996.09.01"]
[SourceQuality "1"]

1. d4 d5 2. c4 c6 3. Nf3 Nf6 4. Nc3 e6 5. Bg5 h6 6. Bxf6 Qxf6 7. e3 Nd7 8. Bd3
dxc4 9. Bxc4 g6 10. O-O Bg7 11. Ne4 (11. e4 e5 12. d5 Nb6 13. Bb3 Bg4 14. Rc1
O-O 15. h3 Bxf3 16. Qxf3 Qxf3 17. gxf3 Rfc8 18. dxc6 bxc6 19. Na4 $14 {
Dokhoian,Y-Kuczynski,R/GER/1993/1|0/75/}) (11. b4 $5 O-O 12. Rc1 Qe7 13. Qb3 b6
14. b5 Bb7 15. bxc6 Bxc6 16. Be2 Rac8 17. Nd2 Nb8 18. a4 Rfd8 19. f4 Bb7 20.
Nc4 $14 {Aseev,K-Prie,E/St Petersburg/1996/0,5/61/}) (11. Rc1 O-O 12. Ne4 Qe7
13. Bb3 Rd8 14. Qc2 Nf6 15. Nc5 b6 16. Ne5 Rd6 17. Ncd3 Bb7 18. Ba4 Rc8 $132 {
Dautov,R-Dreev,A/Reggio Emilia/1996/0|1/60/}) (11. Qc2 O-O 12. Rad1 Qe7 13.
Rfe1 Rd8 14. a3 b6 15. Ne2 Bb7 16. Nf4 Nf8 $10 {Kasparov,G-Ehlvest,J/Riga/1995/
0,5/17/}) 11... Qe7 12. Qc2 O-O 13. Bb3 e5 (13... Rd8 $5 14. Rad1 a5 15. a3 Nf8
16. Ne5 Bd7 17. f4 Be8 18. g4 Kh8 19. Rde1 $14 {San Segundo,P-Zvjaginsev,V/
Pamplona/1996/0,5/28/}) 14. Rad1 exd4 15. exd4 Nb6 $5 (15... Nf6 16. Nc5 Bf5
17. Qc1 Rad8 18. Rfe1 Qc7 19. h3 Nd5 20. Nd3 Qd6 21. Nfe5 Rfe8 22. Nf4 $1 $36 {
Sokolov,I-Savchenko,S/Lyons/1994/1|0/88/}) 16. Rfe1 Bg4 17. Ned2 (17. Nc5 Qf6 (
17... Qc7 18. Qxg6 Bxf3 19. gxf3 $16) 18. Re3 Rae8 $13) 17... Qd6 18. h3 Bf5
19. Ne4 Qf4 20. Ne5 $6 (20. Qd2 Qxd2 21. Nexd2 $6 (21. Rxd2 $5 Rad8 22. Nc5 Bc8
23. Re7 $36) 21... Rad8 22. g4 Bc8 23. Ne4 Nd5 $15) 20... Bxe5 21. dxe5 (21. g3
Qf3 22. dxe5 Bxh3 $19) 21... Qxe5 22. Qc5 Qxb2 (22... Qxc5 23. Nxc5 Rab8 24.
Re7 Bc8 25. Rd6 Kg7 26. g4 $36) 23. Ng3 (23. Nd6 $5) 23... Nd5 (23... Qf6 24.
Rd6 $146) (23... Bc8 24. Rd6 $44) 24. Nxf5 gxf5 25. Bxd5 cxd5 26. Qxd5 Rfe8 27.
a4 (27. Qxf5 Qxa2 28. Qg4+ Kh8 29. Qd4+ Kh7 30. Qd3+ $10) 27... Qb4 28. Rf1 (
28. Rxe8+ Rxe8 29. Qxf5 Qxa4 (29... Re1+ $10) 30. Rd3 $44) 28... Qe4 29. Qd2
Kh7 30. Rfe1 Rad8 (30... Qxa4 31. Qd5 Kg7 32. Qxb7 $44) 31. Rxe4 Rxd2 32. Rxd2
Rxe4 33. Rd7 Kg6 34. a5 Ra4 35. Rxb7 Rxa5 36. g3 $10 Ra3 37. Kg2 a5 38. Rb6+
Kg7 39. g4 fxg4 40. hxg4 a4 41. Ra6 f6 42. f3 Ra1 43. Kg3 1/2-1/2

[Event "Vladivostok"]
[Site "Vladivostok"]
[Date "1994.??.??"]
[Round "2"]
[White "Shulman, Yuri"]
[Black "Sveshnikov, Evgeny"]
[Result "1-0"]
[WhiteElo "2435"]
[BlackElo "2585"]
[Annotator "Chekhov,V"]
[PlyCount "63"]
[EventDate "1994.??.??"]
[EventType "swiss"]
[EventRounds "9"]
[EventCountry "RUS"]
[SourceTitle "CBM 043 Extra"]
[Source "ChessBase"]
[SourceDate "1995.01.01"]
[SourceVersion "1"]
[SourceVersionDate "1995.01.01"]
[SourceQuality "1"]

1. d4 d5 2. c4 e6 3. Nf3 Nf6 4. Nc3 c6 5. Bg5 h6 6. Bxf6 Qxf6 7. g3 Nd7 8. Bg2
dxc4 9. O-O Be7 10. a4 $1 (10. Ne4 Qf5 11. Ned2 b5 12. a4 O-O 13. axb5 Qxb5 14.
Qc2 Bb7 15. Nxc4 c5 {Christiansen,L-Gurevich,M/Antwerpen/1993/0,5/89/}) (10. e3
O-O 11. Nd2 e5 12. Nxc4 exd4 13. exd4 Nb6 14. Ne3 Rd8 15. d5 Be6 16. Qb3 cxd5
17. Ncxd5 Nxd5 18. Nxd5 Bxd5 19. Bxd5 $14 {Speelman,J-Sveshnikov,E/Biel(izt)/
1993/1:0/55/}) 10... O-O 11. e4 e5 12. d5 a5 13. Nd2 Nb6 14. Qe2 Bc5 (14... Bb4
$5) 15. Kh1 $1 Bd4 16. f4 Bxc3 17. bxc3 cxd5 18. exd5 exf4 19. Nxc4 Nxc4 20.
Qxc4 $14 Bd7 21. Qc7 $1 Qd8 22. Qxf4 Rc8 23. Rab1 Rxc3 (23... Qc7 $5 24. d6 Qc4
25. Qxc4 Rxc4 26. Rxb7 Bxa4 {/\27.Bd5 Bc6!/}) 24. Rxb7 Qc8 (24... Ra3 25. Qd6
$18) 25. d6 Rc4 (25... Bc6 26. Rxf7 Bxg2+ 27. Kxg2 Qc6+ 28. Kh3) (25... Be6 26.
Rc7 Rxc7 27. dxc7) 26. Qe5 $1 Re8 $6 (26... Bc6 $5 27. Rc7 Bxg2+ 28. Kxg2 Rxc7
29. dxc7 Qb7+ 30. Kh3 Qc8+ 31. g4 h5 $1) (26... Rxa4 $6 27. Rc7 Qd8 28. Bd5)
27. Qd5 $1 Be6 (27... Rf8 28. Rxd7 $18) 28. d7 Bxd5 29. Bxd5 $1 Rc1 30. dxe8=Q+
Qxe8 31. Bxf7+ Kf8 32. Bxe8+ 1-0

[Event "Interzonal-16"]
[Site "Biel"]
[Date "1993.??.??"]
[Round "5"]
[White "Sokolov, Ivan"]
[Black "Dreev, Alexey"]
[Result "1/2-1/2"]
[WhiteElo "2610"]
[BlackElo "2570"]
[Annotator "ChessBase"]
[PlyCount "127"]
[EventDate "1993.07.16"]
[EventType "swiss"]
[EventRounds "13"]
[EventCountry "SUI"]
[SourceTitle "CBM 037"]
[Source "ChessBase"]
[SourceDate "1993.12.01"]
[SourceVersion "1"]
[SourceVersionDate "1993.12.01"]
[SourceQuality "1"]

1. d4 d5 2. c4 c6 3. Nf3 Nf6 4. Nc3 e6 5. Bg5 h6 6. Bxf6 Qxf6 7. e3 Nd7 8. Bd3
dxc4 9. Bxc4 Bd6 10. O-O Qe7 11. Qc2 (11. Ne4) 11... O-O 12. a3 e5 13. Ba2 Nf6
14. dxe5 Bxe5 15. Nxe5 Qxe5 16. Rae1 Be6 17. Bb1 Rad8 18. f4 Qd6 19. e4 Qd4+
20. Qf2 Bc4 21. Qxd4 Rxd4 22. Rf3 Rd2 23. b4 Rfd8 24. e5 Ne8 25. f5 Nc7 26. Rg3
Kf8 $10 27. h4 R2d4 28. h5 Re8 29. Rge3 Nd5 30. Nxd5 Bxd5 31. Bd3 Rg4 32. R1e2
Rg5 33. e6 Re7 34. Rf2 Rxh5 35. Be4 Bxe4 36. Rxe4 Rg5 37. a4 Ke8 38. exf7+ Kxf7
39. Rd4 Rg3 40. b5 c5 41. Rd6 Rc7 42. a5 Rb3 43. b6 axb6 44. axb6 Rc6 45. Rxc6
bxc6 46. Rc2 Rxb6 47. Rxc5 Kf6 48. Kf2 Kg5 49. Kf3 h5 50. Kg3 h4+ 51. Kh3 Rb3+
52. Kh2 Rb6 53. Kh3 Ra6 54. g3 hxg3 55. Kxg3 Kf6 56. Kf4 Ke7 57. Re5+ Kd7 58.
Re6 Ra4+ 59. Kf3 Ra3+ 60. Kf4 Ra1 61. Rg6 Rf1+ 62. Ke4 Re1+ 63. Kd4 Re7 64. f6
1/2-1/2